|
|
|
|
| LEADER |
00000nam0a2200000 4500 |
| 001 |
334335 |
| 005 |
20231102004638.0 |
| 035 |
|
|
|a (RuTPU)RU\TPU\book\360400
|
| 090 |
|
|
|a 334335
|
| 100 |
|
|
|a 20170720d1964 km y0rusy50 ca
|
| 101 |
1 |
|
|a rus
|c hun
|
| 102 |
|
|
|a RU
|
| 105 |
|
|
|a a z 000zy
|
| 200 |
1 |
|
|a Легкий бетон
|e сокращенный пер. с венг.
|f Д. Руднаи
|g под ред. Г. А. Бужевича; пер. В. М. Маслобойщикова
|
| 210 |
|
|
|a Москва
|c Изд-во литературы по строительству
|d 1964
|
| 215 |
|
|
|a 240 с.
|c ил.
|
| 606 |
1 |
|
|a Бетон легкий
|2 stltpush
|3 (RuTPU)RU\TPU\subj\28337
|9 51869
|
| 610 |
1 |
|
|a классификация
|
| 610 |
1 |
|
|a физико-механические свойства
|
| 610 |
1 |
|
|a материалы
|
| 610 |
1 |
|
|a ячеистые бетоны
|
| 610 |
1 |
|
|a пористые заполнители
|
| 610 |
1 |
|
|a строительные конструкции
|
| 675 |
|
|
|a 624.012.3
|v 4
|
| 700 |
|
1 |
|a Руднаи
|b Д.
|g Дьюла
|
| 702 |
|
1 |
|a Бужевич
|b Г. А.
|4 340
|
| 702 |
|
1 |
|a Маслобойщиков
|b В. М.
|4 730
|
| 801 |
|
1 |
|a RU
|b 63413507
|c 20170720
|
| 801 |
|
2 |
|a RU
|b 63413507
|c 20201118
|g RCR
|
| 942 |
|
|
|c BK
|